Racionalizácia konštrukčných sústav v bytovej výstavbe a jej ekonomický dopad záverečná práca postgraduálneho štúdia

Enregistré dans:
Détails bibliographiques
Auteur principal: Šovčík, Dušan
Collectivité auteur: Vysoká škola ekonomická v Bratislave
Autres auteurs: Kulka, Pavol
Format: Livre
Langue:slovaque
Publié: Bratislava 1987
Tags: Ajouter un tag
Pas de tags, Soyez le premier à ajouter un tag!

MARC

LEADER 00000nam a2200000 4500
001 c024039
005 20221219095052.4
041 0 |a slo 
044 |a SK 
245 1 0 |a Racionalizácia konštrukčných sústav v bytovej výstavbe a jej ekonomický dopad  |b záverečná práca postgraduálneho štúdia  |c Dušan Šovčík ; Ved. práce Pavol Kulka 
264 1 |a Bratislava  |c 1987 
300 |a 61 s. 
100 1 |a Šovčík, Dušan 
700 1 |a Kulka, Pavol 
710 2 |a Vysoká škola ekonomická v Bratislave